Estatísticas para Discografia do Eminem

Clique aqui para jogar o quiz

Estatísticas Gerais

  • Esse quiz foi jogado 8 vezes
  • A pontuação média é 6 de 11

Estatísticas das Respostas

LançamentoÁlbum% Correto
1999The Slim Shady LP
100%
2002The Eminem Show
86%
2004Encore
71%
1996Infinite
71%
2010Recovery
71%
2009Relapse
71%
2017Revival
57%
2018Kamikaze
43%
2020Music to Be Murdered By
43%
2000The Marshall Matters LP
14%
2013The Marshall Matters LP 2
14%

Distribuição das Pontuações

Percentil de Números Respondidos

Porcentagem de Pessoas com Cada Pontuação

Sua Pontuação Histórica

Você não jogou esse quiz